Ancient Europe and the Mediterranean : studies presented in honour of Hugh Hencken

Αποθηκεύτηκε σε:
Λεπτομέρειες βιβλιογραφικής εγγραφής
Άλλοι συγγραφείς: Markotic, Vladimir 1920- (Επιμελητής έκδοσης)
Μορφή: Βιβλίο
Γλώσσα:English
Δημοσίευση: Warminster : Aris & Phillips, c1977
Θέματα:
Ετικέτες: Προσθήκη ετικέτας
Δεν υπάρχουν, Καταχωρήστε ετικέτα πρώτοι!

MARC

LEADER 00000nam a2200000 i 4500
001 1/24768
008 981202s1977 eng d
020 |a 0-85668-083-4 
035 |l 10037169 
040 |a GR-MY-UA  |b gre  |e aacr 
041 0 |a eng 
082 0 |a 930 
245 1 0 |a Ancient Europe and the Mediterranean :  |b studies presented in honour of Hugh Hencken /  |c edited by Vladimir Markotic 
260 |a Warminster :   |b Aris & Phillips,   |c c1977 
300 |a 201 p.  |b fig. 
504 |a Includes bibliographical references and index 
600 1 0 |a Hencken Hugh O'Neill  |d 1902- 
651 0 |a Europe  |x Antiquities. 
651 0 |a Mediterranean Region  |x Antiquities. 
700 1 |a Markotic, Vladimir  |d 1920-  |4 edt 
852 |a INST  |b LESVOS  |e 19981202  |h 930 ANC  |p 005100017386  |q 005100017386  |t BK  |y 0 
901 |a BIBL-1999-1 
909 |a Λ  |b 060269 
922 |a 1ΕΛΗ  |b 199810  |c ΚΠΣ/ΤΓ  |d ΠΑΠΑΣΩΤΗΡΙΟΥ 
950 |a 118-1998-07-21